000 01053cam a2200205 4500500
005 20251228065551.0
041 _afre
042 _adc
100 1 0 _aChobeaux, François
_eauthor
245 0 0 _aÀ la recherche du bien-être psychique
260 _c2019.
500 _a36
520 _aLe bien-être psychique devient une injonction culturelle. Mais de quoi s’agit-il ? Un essai iconoclaste de définition passant par les définitions de la santé et par l’identification de ce que devrait être son inverse, le mal-être psychique, aboutit à proposer que la réalisation du bien-être est dépendante à la fois des possibilités d’actions du sujet et de son intégration active dans un corps social.
690 _aagir
690 _abien-être psychique
690 _aêtre et avoir
690 _amal-être psychique
786 0 _nVST - Vie sociale et traitements | 144 | 4 | 2019-10-15 | p. 74-78 | 0396-8669
856 4 1 _uhttps://shs.cairn.info/revue-vie-sociale-et-traitements-2019-4-page-74?lang=fr&redirect-ssocas=7080
999 _c1591768
_d1591768